Тест на общие знания №34 - Statistics

General Stats
  • This quiz has been taken 38 times
  • The average score is 10 of 20
Answer Stats
Вопрос Ответ % Correct
Что означает буква "Н" в аббревиатуре "НЛО"? неопознанный
92%
Какой туристический маршрут образуют такие города, как Владимир, Суздаль, Иваново, Кострома и другие? Золотое кольцо России
88%
Назовите столицу Сербии Белград
83%
Какая часть слова стоит после корня? суффикс
83%
Как звали собаку Элли из сказки "Волшебник Изумрудного города"? Тотошка
75%
Кто проживает на дне океана? Губка Боб Квадратные Штаны
75%
Как будет слово "дно" во множественном числе? донья
58%
Как называется вера только в одного бога? монотеизм
54%
Кому принадлежит фраза "Люк, я - твой отец!"? Дарт Вейдер
54%
Какой орган в человеческом теле накапливает кровь, выводит старые кровяные клетки и фильтрует железо? селезёнка
46%
Каким словом можно назвать рост населения в городах? урбанизация
46%
На какой планете происходят события серии фильмов "Планета обезьян"? Земля
42%
В кого превратился главный герой мультфильма "Похождения императора"? лама
38%
Что такое лунго, ристретто и доппио? виды кофе
38%
Какая компания допустила умышленную смерть нескольких десятков леммингов на съёмках документального фильма "Белая пустошь" в 1958-м году? Disney
33%
В каком художественном направлении работал Энди Уорхол? поп-арт
29%
Сколько клавиш у классического фортепиано? 88
29%
Как переводится слово "rex" с латыни? царь
25%
В какой книжной серии есть книги с названиями "Последнее желание" и "Башня Ласточки"? "Ведьмак"
25%
Назовите самую маленькую страну, носящую статус федерации Сент-Китс и Невис
17%
No matching quizzes found
Score Distribution
Percent of People with Each Score
Percentile by Number Answered
Your Score History
You have not taken this quiz